000 00766nam a22002417a 4500
005 20131004142318.0
008 090728t xxu||||| |||| 00| 0 pun d
010 _aPUN-7567
020 _c175.00
_a9788186745458
035 _aPN-6685
037 _bDBAD / PUB
037 _bSatwant Book Agency
040 _adpl
_bpn
082 _a
100 _aਹਰਭਜਨ ਸਿੰਘ ਕੋਮਲ
245 _aਤਾਰਿਆ ਵੇ ਤੇਰੀ ਲੋਅ /
_cਹਰਭਜਨ ਸਿੰਘ ਕੋਮਲ
246 _aTaariya ve teri lo
_bby Harbhajan Singh Komal
260 _aNew Delhi
_bSatwant Book Agency
_c2012
270 _bNew Delhi
300 4 _a128p.
_c22ਸੇਂਮੀ (ਸਜਿਲੱਦ)
942 _2ddc
_cPN
_h
_mਹਰਭ
999 _c79815
_d79815